UBT Library

The organization and administration of physical education (Record no. 43329)

000 -LEADER
fixed length control field 00645cam a22002291 4500
001 - CONTROL NUMBER
control field 8480060
005 - DATE AND TIME OF LATEST TRANSACTION
control field 20180223093851.0
008 - FIXED-LENGTH DATA ELEMENTS--GENERAL INFORMATION
fixed length control field 720203s1967 nyua b 000 0 eng
010 ## - LIBRARY OF CONGRESS CONTROL NUMBER
LC control number 67013377
035 ## - SYSTEM CONTROL NUMBER
System control number (OCoLC)232775
040 ## - CATALOGING SOURCE
Original cataloging agency DLC
Transcribing agency DLC
Modifying agency OCoLC
-- DLC
041 ## - LANGUAGE CODE
Language code of text/sound track or separate title eng
042 ## - AUTHENTICATION CODE
Authentication code premarc
080 ## - UNIVERSAL DECIMAL CLASSIFICATION NUMBER
Universal Decimal Classification number 375.6137 fra
082 ## - DEWEY DECIMAL CLASSIFICATION NUMBER
Classification number 375.6137 fra
100 1# - Rafti
Rafti 48
101 ## - Shkurtesa
Shkurtesa edu
245 14 - TITLE STATEMENT
Title The organization and administration of physical education
Statement of responsibility, etc [by] Edward F. Voltmer [and] Arthur A. Esslinger.
504 ## - BIBLIOGRAPHY, ETC. NOTE
Bibliography, etc Includes bibliographies.
906 ## - LOCAL DATA ELEMENT F, LDF (RLIN)
a 7
b cbc
c oclcrpl
d u
e ncip
f 19
g y-gencatlg
942 ## - ADDED ENTRY ELEMENTS (KOHA)
Source of classification or shelving scheme
Item type Books
Holdings
Withdrawn status Lost status Source of classification or shelving scheme Damaged status Not for loan Collection code Permanent location Current location Shelving location Date acquired Total Checkouts Full call number Barcode Date last seen Price effective from Koha item type
          Koleksioni i përgjithshem UBT - Lipjan UBT - Lipjan Koleksioni i përgjithshem 02/23/2018   375.6137 fra 002-2999622 02/23/2018 02/23/2018 Books
UBT Library © 2015-2024. All rights reserved University Education for Business and Technology